书目信息 |
| 题名: |
农业生态学
|
|
| 作者: | 陈阜 主编 | |
| 分册: | ||
| 出版信息: | 北京 中国农业大学出版社 2011.08 |
|
| 页数: | 319页 | |
| 开本: | 23cm | |
| 丛书名: | ||
| 单 册: | ||
| 中图分类: | S181 | |
| 科图分类: | ||
| 主题词: | 农业生态学--高等学校--教材 | |
| 电子资源: | ||
| ISBN: | 978-7-5655-0338-2 | |
| 000 | 00830nam0 2200241 450 | |
| 001 | 4925 | |
| 005 | 20181015092610.76 | |
| 010 | @a978-7-5655-0338-2@dCNY39.00 | |
| 100 | @a20111124d2011 em y0chiy50 ea | |
| 101 | 0 | @achi |
| 102 | @aCN@b110000 | |
| 105 | @ay z 000yy | |
| 200 | 1 | @a农业生态学@9nong ye sheng tai xue@f陈阜主编 |
| 205 | @a2版 | |
| 210 | @a北京@c中国农业大学出版社@d2011.08 | |
| 215 | @a319页@c图@d23cm | |
| 300 | @a面向21世纪课程教材 | |
| 330 | @a本书介绍了农业生态系统,生物种群,生物群落,生物与环境的关系,农业生态系统能量流动,农业生态系统的物质循环,农业生态系统的调控与优化设计,农业资源利用与生态环境保护,生态农业与循环农业等内容。 | |
| 606 | 0 | @a农业生态学@x高等学校@j教材 |
| 690 | @aS181@v4 | |
| 701 | 0 | @a陈阜@9chen fu@4主编 |
| 801 | 0 | @aCN@b91MARC@c20130904 |
| 905 | @aMuseLib@dS181@e100=2 | |
| 农业生态学/陈阜主编.-2版.-北京:中国农业大学出版社,2011.08 |
| 319页:图;23cm |
| 面向21世纪课程教材 |
| ISBN 978-7-5655-0338-2:CNY39.00 |
| 本书介绍了农业生态系统,生物种群,生物群落,生物与环境的关系,农业生态系统能量流动,农业生态系统的物质循环,农业生态系统的调控与优化设计,农业资源利用与生态环境保护,生态农业与循环农业等内容。 |
| ● |
| 相关链接 |
|
|
|
|
正题名:农业生态学
索取号:S181/100=2
 
预约/预借
| 序号 | 登录号 | 条形码 | 馆藏地/架位号 | 状态 | 备注 |
| 1 | 1127279 | 211272790 | 第二样本阅览室/ [索取号:S181/100=2] | 在馆 | |
| 2 | 1127280 | 211272807 | 第三借阅区/ [索取号:S181/100=2] | 在馆 | |
| 3 | 1127281 | 211272816 | 第三借阅区/ [索取号:S181/100=2] | 在馆 | |
| 4 | 1127282 | 211272825 | 第三借阅区/ [索取号:S181/100=2] | 在馆 | |
| 5 | 1127283 | 211272834 | 生命科学系资料室/ [索取号:S181/100=2] | 在馆 |